Complexity and Management: (Record no. 5984)

MARC details
000 -LEADER
fixed length control field 01316cam a22003374a 4500
001 - CONTROL NUMBER
control field 12131663
003 - CONTROL NUMBER IDENTIFIER
control field OSt
005 - DATE AND TIME OF LATEST TRANSACTION
control field 20180322185442.0
008 - FIXED-LENGTH DATA ELEMENTS--GENERAL INFORMATION
fixed length control field 000804s2000 enk b 001 0 eng
010 ## - LIBRARY OF CONGRESS CONTROL NUMBER
LC control number 00062574
015 ## - NATIONAL BIBLIOGRAPHY NUMBER
National bibliography number GBA0-74072
020 ## - INTERNATIONAL STANDARD BOOK NUMBER
International Standard Book Number 0415247616 (pbk.)
035 ## - SYSTEM CONTROL NUMBER
System control number (OCoLC)ocm44768934
035 ## - SYSTEM CONTROL NUMBER
System control number (OCoLC)44768934
Canceled/invalid control number (OCoLC)45314953
-- (OCoLC)50382437
040 ## - CATALOGING SOURCE
Original cataloging agency DLC
Transcribing agency DLC
Modifying agency C#P
-- UKM
-- BAKER
-- NLGGC
-- BTCTA
-- DLC
042 ## - AUTHENTICATION CODE
Authentication code pcc
050 00 - LIBRARY OF CONGRESS CALL NUMBER
Classification number HD58.9
Item number .S735 2000
082 ## - DEWEY DECIMAL CLASSIFICATION NUMBER
Classification number 658.1
Item number STA 2000
100 1# - MAIN ENTRY--PERSONAL NAME
Personal name Stacey, Ralph D.; Griffin, Douglas; Shaw, Patricia
9 (RLIN) 12408
245 10 - TITLE STATEMENT
Title Complexity and Management:
Remainder of title fad or radical challenge to systems thinking?
260 ## - PUBLICATION, DISTRIBUTION, ETC. (IMPRINT)
Place of publication, distribution, etc. London ;
Name of publisher, distributor, etc. Routledge,
Date of publication, distribution, etc. 2000.
300 ## - PHYSICAL DESCRIPTION
Extent x, 224 p. ;
Dimensions 24 cm.
504 ## - BIBLIOGRAPHY, ETC. NOTE
Bibliography, etc Includes bibliographical references (p. [214]-220) and index.
650 #0 - SUBJECT ADDED ENTRY--TOPICAL TERM
Topical term or geographic name as entry element Strategic management
9 (RLIN) 12412
650 #0 - SUBJECT ADDED ENTRY--TOPICAL TERM
Topical term or geographic name as entry element Industrial management.
9 (RLIN) 619
856 41 - ELECTRONIC LOCATION AND ACCESS
Materials specified Table of contents only
Uniform Resource Identifier http://www.loc.gov/catdir/toc/fy0704/00062574.html
856 42 - ELECTRONIC LOCATION AND ACCESS
Materials specified Publisher description
Uniform Resource Identifier http://www.loc.gov/catdir/enhancements/fy0650/00062574-d.html
856 42 - ELECTRONIC LOCATION AND ACCESS
Materials specified Contributor biographical information
Uniform Resource Identifier http://www.loc.gov/catdir/enhancements/fy1007/00062574-b.html
906 ## - LOCAL DATA ELEMENT F, LDF (RLIN)
a 7
b cbc
c orignew
d 1
e ocip
f 20
g y-gencatlg
942 ## - ADDED ENTRY ELEMENTS (KOHA)
Source of classification or shelving scheme Dewey Decimal Classification
Koha item type Open Shelf
Holdings
Withdrawn status Lost status Source of classification or shelving scheme Damaged status Not for loan Home library Current library Date acquired Source of acquisition Inventory number Total Checkouts Full call number Barcode Date last seen Koha item type
    Dewey Decimal Classification     MUST Main Library MUST Main Library 31/01/2018   15/39372   658.1 STA 2000 2018-0074 31/01/2018 Open Shelf